[Event "23rd European Women Club Cup 2018"]
[Site "Halkidiki"]
[Date "2018.10.13"]
[Round "2"]
[White "Javakhishvili, Lela"]
[Black "Petraki, Evaggelia"]
[Result "1-0"]
[WhiteElo "2475"]
[BlackElo "1769"]
[Annotator "ChessBase"]
[PlyCount "77"]
[EventDate "2018.10.12"]
[EventType "team-tourn"]
[EventCountry "GRE"]
[SourceTitle "playchess.com"]
[Source "ChessBase"]
[SourceQuality "1"]
[WhiteTeam "Nona"]
[BlackTeam "Thessaloniki"]
[TimeControl "40/5400+30:1800+30"]

1. Nf3 {[%emt 0:00:00]} c5 {[%emt 0:00:00]} 2. g3 {[%emt 0:00:34]} g6 {[%emt 0:01:12]} 3. Bg2 {[%emt 0:00:07]} Bg7 {[%emt 0:00:06]} 4. O-O {[%emt 0:00:07]} Nc6 {[%emt 0:00:34]} 5. c4 {[%emt 0:00:19]} Nf6 {[%emt 0:00:41]} 6. d4 {[%emt 0:02:16]} cxd4 {[%emt 0:00:38]} 7. Nxd4 {[%emt 0:00:08]} O-O {[%emt 0:00:35]} 8. Nc3 {[%emt 0:00:31]} Qb6 {[%emt 0:09:34]} 9. Nb3 {[%emt 0:04:37]} d6 {[%emt 0:07:02]} 10. Be3 {[%emt 0:08:48]} Qd8 {[%emt 0:00:18]} 11. Rc1 {[%emt 0:03:26]} Be6 {[%emt 0:05:49]} 12. c5 {[%emt 0:08:01]} d5 {[%emt 0:02:04]} 13. Rc2 {[%emt 0:09:17]} Ne5 {[%emt 0:07:01]} 14. Bd4 {[%emt 0:05:06]} Qc7 {[%emt 0:03:59]} 15. Nb5 {[%emt 0:08:51]} Qb8 {[%emt 0:00:14]} 16. Bc3 {[%emt 0:01:01]} Bd7 {[%emt 0:07:04]} 17. N5d4 {[%emt 0:00:44]} e6 {[%emt 0:02:40]} 18. Nd2 {[%emt 0:04:00]} Qc7 {[%emt 0:04:49]} 19. b3 {[%emt 0:07:54]} Rfc8 {[%emt 0:02:43]} 20. Bb2 {[%emt 0:00:53]} Bc6 {[%emt 0:10:13]} 21. Qa1 {[%emt 0:01:06]} Ned7 {[%emt 0:01:34]} 22. a4 {[%emt 0:06:24]} Qd8 {[%emt 0:04:25]} 23. b4 {[%emt 0:05:04]} a6 {[%emt 0:00:08]} 24. e4 {[%emt 0:01:25]} e5 {[%emt 0:05:22]} 25. Nxc6 {[%emt 0:00:56]} bxc6 {[%emt 0:00:05]} 26. exd5 {[%emt 0:00:29]} Nxd5 {[%emt 0:00:15]} 27. Qa3 {[%emt 0:06:53]} Nf8 {[%emt 0:05:51]} 28. Nc4 {[%emt 0:00:09]} Rab8 {[%emt 0:01:31]} 29. Rd1 {[%emt 0:00:59]} Qc7 {[%emt 0:05:38]} 30. Bxd5 {[%emt 0:00:24]} cxd5 {[%emt 0:00:03]} 31. Rxd5 {[%emt 0:00:09]} Rd8 {[%emt 0:00:27]} 32. Nd6 {[%emt 0:03:09]} Qc6 {[%emt 0:01:14]} 33. Rdd2 {[%emt 0:01:31]} Bh6 {[%emt 0:01:50]} 34. Rd3 {[%emt 0:02:50]} Rxd6 {[%emt 0:05:46]} 35. Rxd6 {[%emt 0:00:09]} Qe4 {[%emt 0:00:04]} 36. Qc3 {[%emt 0:00:44]} Ne6 {[%emt 0:00:37]} 37. Qxe5 {[%emt 0:00:54]} Qxe5 {[%emt 0:00:06]} 38. Bxe5 {[%emt 0:00:05]} Rxb4 {[%emt 0:00:10]} 39. Rxe6 {[%emt 0:01:20]} 1-0

[Event "23rd European Women Club Cup 2018"]
[Site "Halkidiki"]
[Date "2018.10.13"]
[Round "2"]
[White "Socko, Monika"]
[Black "Balajayeva, Khanim"]
[Result "1/2-1/2"]
[WhiteElo "2451"]
[BlackElo "2326"]
[Annotator "TA"]
[PlyCount "48"]
[EventDate "2018.10.12"]
[EventType "team-tourn"]
[EventCountry "GRE"]
[SourceTitle "playchess.com"]
[Source "ChessBase"]
[SourceQuality "1"]
[WhiteTeam "Monte-Carlo"]
[BlackTeam "Odlar Yurdu"]

{[%evp 20,48,45,28,40,39,49,36,66,59,106,98,169,169,163,166,173,86,97,0,0,0,0,0,0,0,0,0,0,0,0]} 1. d4 d5 2. c4 dxc4 3. e4 e5 4. Nf3 exd4 5. Bxc4 Nc6 6. O-O Be6 7. Bxe6 fxe6 8. Qb3 Qd7 9. Qxb7 Rb8 10. Qa6 Nf6 11. Nbd2 Bd6 {D20: Queen's Gambit Accepted: 3 e3 and 3 e4} (11... Bb4 12. Qd3 Bxd2 13. Bxd2 Rxb2 14. Rac1 O-O 15. Rc5 Rfb8 16. Rfc1 R8b6 17. h3 h6 18. a4 Ne8 19. Bc3 R2b3 {1-0 (48) Wojtaszek,R (2746)-Socko,B (2604) Czech Republic 2016}) 12. b3 O-O 13. Ba3 Bxa3 {White is slightly better.} 14. Qxa3 {[#]} e5 $146 ({Predecessor:} 14... Qd6 15. Qa6 Rb6 16. Qc4 Rb4 17. Qd3 Ng4 18. Rac1 Nce5 19. Nxe5 Nxe5 {½-½ (34) Roubaud,D (2559)-Fleetwood,D (2576) ICCF email 2016}) 15. Rac1 Nh5 (15... Rfe8 $16) 16. Qc5 $18 Nf4 {[%cal Bh5f4,Bf4h3,Bh3f2][%mdl 32] Threatening ...Ne2+.} 17. Qxc6 Qg4 {[%csl Gf4][%cal Rg4g2] [#]} 18. Qc4+ (18. g3 $1 $18 Nh3+ 19. Kg2 Rxf3 20. Nc4 (20. Nxf3 Nf4+ 21. Kg1 Ne2+ 22. Kg2 Nf4+ 23. Kg1 Nh3+ 24. Kg2 Nf4+ $11) (20. Qxc7 Rbf8 $11) 20... Nf4+ 21. Kh1) 18... Kh8 $16 {[%csl Gf4][%cal Rg4g2]} 19. Ne1 ({Better is} 19. g3 $16 Nh3+ 20. Kh1 (20. Kg2 Rxf3 21. Nxf3 Nf4+ 22. Kg1 Qxf3 $11) 20... Rxf3 21. Qe2) 19... Nh3+ $1 $11 {The position is equal.} 20. Kh1 Nxf2+ 21. Kg1 Nh3+ $1 22. Kh1 Nf2+ 23. Kg1 Nh3+ $1 24. Kh1 Nf2+ {Precision: White = 62%, Black = 59%.} 1/2-1/2

[Event "23rd European Women Club Cup 2018"]
[Site "Halkidiki"]
[Date "2018.10.13"]
[Round "2"]
[White "Ushenina, Anna"]
[Black "Muzychuk, Mariya"]
[Result "1/2-1/2"]
[WhiteElo "2451"]
[BlackElo "2533"]
[Annotator "TA"]
[PlyCount "61"]
[EventDate "2018.10.12"]
[EventType "team-tourn"]
[EventCountry "GRE"]
[SourceTitle "playchess.com"]
[Source "ChessBase"]
[SourceQuality "1"]
[WhiteTeam "Ugra"]
[BlackTeam "Kyiv"]

{[%evp 12,61,17,15,30,30,28,24,31,29,30,14,20,30,80,35,52,13,25,17,21,21,29,0,0,0,14,16,13,11,8,10,16,0,5,3,15,3,43,18,49,49,49,49,51,60,43,52,64,70,75,70]} 1. d4 d5 2. c4 c6 {[%cal Bc7c6,Bc6d5][%mdl 32]} 3. cxd5 cxd5 4. Bg5 Qb6 (4... Nf6 5. Bxf6 gxf6 6. Nc3 e6 7. e3 Nd7 8. Bd3 f5 9. h3 h5 10. h4 Nf6 11. Nge2 Bd6 {0-1 (32) Mamedyarov,S (2808)-Aronian,L (2764) Paris 2018}) 5. Nc3 e6 6. Qd2 {D10: Damengambit (Slawische Verteidigung)} Nc6 7. e3 {LiveBook: 8 Partien} Bd6 8. Bd3 {Weiß hat minimalen Vorteil.} Nge7 9. Bh4 $146 ({Vorgänger:} 9. Bxe7 Bxe7 10. f4 Bd7 11. Nf3 Rc8 {0-1 (35) Sorokin,A (2511)-Schekachikhin,M (2371) Moscow 2018}) 9... Bd7 10. Nf3 h6 11. Bg3 Bxg3 12. hxg3 O-O-O 13. Rc1 Kb8 14. Na4 Qb4 15. Nc5 Qxd2+ $1 16. Kxd2 f6 17. Rc3 e5 18. Rb3 b6 {zielt auf ...e4 ab.} 19. Nxd7+ Rxd7 20. Bb5 e4 21. Ng1 Kb7 22. Ne2 (22. Ra3 {is interesting.} Rd6 23. Ne2 f5 24. Ba6+ Kb8 25. Rb3) 22... a6 23. Bxc6+ $1 Nxc6 24. Rh5 Rc8 25. Rc3 Ne7 26. Rxc8 Kxc8 27. g4 Kb7 28. f3 exf3 29. gxf3 Nc8 30. Kd3 Kc6 31. Ng3 {Precision: Weiß = 73%, Schwarz = 47%.} 1/2-1/2

[Event "23rd European Women Club Cup 2018"]
[Site "Halkidiki"]
[Date "2018.10.13"]
[Round "2"]
[White "Gaponenko, Inna"]
[Black "Nechaeva, Marina"]
[Result "0-1"]
[WhiteElo "2409"]
[BlackElo "2409"]
[Annotator "TA"]
[PlyCount "148"]
[EventDate "2018.10.12"]
[EventType "team-tourn"]
[EventCountry "GRE"]
[SourceTitle "playchess.com"]
[Source "ChessBase"]
[SourceQuality "1"]
[WhiteTeam "Kyiv"]
[BlackTeam "Ugra"]

{[%evp 9,148,23,34,27,43,35,43,6,39,28,62,8,9,0,4,0,0,0,7,0,11,-16,-11,-18,-22,-32,-30,-16,-5,-31,-10,-27,-7,-36,-25,-38,-32,-81,-54,-68,-66,-227,-27,-66,-7,-56,-56,-94,-75,-75,-87,-85,-73,-75,-79,-106,-87,-87,-64,-89,-85,-64,-33,-80,-79,-86,-83,-145,-152,-154,-157,-161,-163,-163,-154,-400,-400,-378,-378,-389,-390,-700,-648,-887,-876,-1279,-1228,-1783,-1728,-1661,-1558,-1310,-1303,-5177,-3815,-3861,-2722,-3671,-2322,-1795,-1619,-29951,-464,-442,-29952,-29948,-29953,-29953,-29954,-29958,-29960,-29958,-29960,-29961,-29962,-29963,-29962,-29957,-29960,-29964,-29965,-29962,-29965,-29967,-29969,-29969,-29970,-29971,-29972,-29972,-29973,-29978,-29978,-29978,-29976,-29974,-29975,-29977,-29975,-29976,-29976]} 1. e4 c6 2. d4 d5 3. e5 Bf5 4. Nf3 e6 5. Be2 Ne7 6. c3 {B12: Caro-Kann: Advance Variation} Bg6 7. O-O Nd7 8. Na3 {White is slightly better.} Nf5 9. Nc2 Be7 10. Nfe1 $146 (10. g4 $14) ({Predecessor:} 10. Nce1 c5 11. Nd3 cxd4 12. cxd4 Bh5 13. Nf4 Bxf3 14. Bxf3 Qb6 15. Bg4 {1-0 (34) Shevchenko,K (2443)-Navara,D (2745) Pardubice 2016}) 10... O-O 11. g3 {[%cal Bg2g3,Bg3g4][%mdl 32]} c5 12. Ng2 cxd4 13. cxd4 Rc8 14. Bd3 Nb8 15. g4 Nh4 16. Nxh4 Bxh4 17. f4 Bxd3 18. Qxd3 Be7 19. f5 Nc6 20. Bd2 (20. Be3 {seems wilder.} f6 21. fxe6 fxe5 22. Rxf8+ Bxf8 23. Qf5) 20... f6 21. fxe6 (21. exf6 {is interesting.} Rxf6 22. g5 Rf8 23. fxe6 Rxf1+ 24. Rxf1 Bxg5 25. Bc3) 21... fxe5 {Hoping for ...Qd6.} 22. Rxf8+ Bxf8 23. dxe5 Nxe5 24. Qf5 {[#]} Nxg4 $1 {[%mdl 512] aiming for ...Qh4.} 25. Nd4 $2 (25. Rf1 $15) (25. Qxg4 Rxc2) 25... Nf6 $2 (25... Qh4 $1 $19 26. Nf3 Bc5+ 27. Kg2 Qf2+ 28. Kh1 Nxh2 $1 {[%mdl 512]} 29. Qf7+ Kh8 30. Nxh2 Qxd2 31. Qxb7 Rg8) 26. Kh1 $11 Bc5 (26... g6 $15 27. Qf3 Ne4 28. Qf7+ Kh8) 27. Bc3 (27. e7 $5 Bxe7 28. Rg1 $11) 27... Qe7 28. Nb3 Bb6 29. Bxf6 Qxf6 30. Qxd5 Re8 31. Re1 Qf2 $40 {[%mdl 128] Black is out for blood.} ({Not} 31... Qxb2 32. e7+ Kh8 33. Qf7 h6 34. Qxe8+ Kh7 35. Qf7 Bc7 36. Qf5+ g6 37. Qf7+ Qg7 38. e8=Q) 32. Rc1 {[#]} Bc7 $1 {[%csl Gc7][%cal Rf2h2][%mdl 512]} 33. Qg2 (33. Rxc7 Qf1#) 33... Qxg2+ 34. Kxg2 $17 {[%mdl 4096] Endgame KRB-KRN} Be5 35. Nc5 b6 36. Nd3 Rxe6 37. Nxe5 Rxe5 {KR-KR} 38. Rc7 ({White should try} 38. Kf3) 38... Re2+ 39. Kg1 a6 (39... Rxb2 40. Rxa7 h6 41. a4 $17) 40. Ra7 a5 $1 ({Much less strong is} 40... Rxb2 41. Rxa6 g5 42. a4 $17) 41. b3 Rxa2 {Strongly threatening ...Rb2.} 42. Ra8+ $2 (42. Rb7 $17) 42... Kf7 $19 43. Ra7+ Kf8 44. Ra8+ Ke7 $1 45. Ra7+ $2 (45. Ra6 Rb2 46. Rxb6) 45... Kd6 46. Rxg7 Rb2 47. Rxh7 Rxb3 48. h4 a4 49. h5 Kc5 50. Kg2 Re3 51. h6 Re6 52. Rc7+ Kb5 53. h7 Rh6 54. Kf3 a3 55. Ke3 Rh3+ (55... a2 $142 56. Ra7 Kc4 57. Rxa2 Rxh7 58. Rc2+ Kb3 59. Rc1 Rh3+ 60. Ke2 b5 61. Rb1+ Kc4 62. Rc1+ Kb3 63. Rb1+ Kc4 64. Rc1+ Kb3) 56. Kd4 a2 (56... Kb4 $19 57. Rc4+ Ka5) 57. Ra7 {[#]Black mates.} Rxh7 $1 {[%mdl 512]} 58. Rxa2 (58. Rxh7 a1=Q+) 58... Rh4+ 59. Kc3 Rh3+ 60. Kd4 {[#]} Kb4 $1 61. Ra1 b5 {[%cal Bb6b5,Bb5b4,Bb4b3,Bb3b2][%mdl 32]} 62. Rb1+ Rb3 63. Ra1 Rb2 64. Kd3 Kb3 65. Rh1 b4 66. Ra1 Rh2 67. Rb1+ {[#]} Ka3 $1 68. Rg1 b3 69. Ra1+ Kb2 70. Rg1 Ka2 71. Rg8 b2 72. Ra8+ Kb1 73. Rc8 Rh7 74. Kd2 Ra7 {Precision: White = 30%, Black = 58%.} 0-1

[Event "23rd European Women Club Cup 2018"]
[Site "Halkidiki"]
[Date "2018.10.13"]
[Round "2"]
[White "Zhukova, Natalia"]
[Black "Pogonina, Natalija"]
[Result "0-1"]
[WhiteElo "2403"]
[BlackElo "2485"]
[Annotator "TA"]
[PlyCount "86"]
[EventDate "2018.10.12"]
[EventType "team-tourn"]
[EventCountry "GRE"]
[SourceTitle "playchess.com"]
[Source "ChessBase"]
[SourceQuality "1"]
[WhiteTeam "Kyiv"]
[BlackTeam "Ugra"]

{[%evp 9,86,14,17,9,10,9,9,8,1,0,14,0,3,3,7,0,7,8,12,-2,0,0,202,174,195,-140,-139,-129,-133,-135,-139,-150,-145,-147,-130,-141,-131,-154,-154,-180,-133,-169,-107,-176,-126,-112,-90,-131,-103,-210,-210,-224,-214,-320,-145,-605,-599,-565,-569,-841,-797,-1385,-1377,-1275,-1207,-5377,-12105,-12807,-11575,-6201,-6070,-29936,-6594,-29970,-29968,-12840,-11575,-6482,-6175]} 1. d4 d5 2. c4 e6 3. Nc3 Be7 4. Bf4 Nf6 5. e3 O-O 6. a3 {D35: Queen's Gambit Declined: Exchange Variation} b6 7. cxd5 Nxd5 8. Nxd5 {The position is equal.} exd5 9. Bd3 {[%cal Bf1d3,Bd3c2,Bc2h7][%mdl 32]} c5 10. Ne2 Bb7 11. O-O $36 {[%mdl 2048] White has some pressure.} Nd7 12. Nc3 $146 ({Predecessor:} 12. dxc5 bxc5 {½-½ (36) Grandelius,N (2643)-Bacrot,E (2695) Grosseto Prugna 2016}) 12... c4 13. Bc2 a6 14. b3 b5 15. bxc4 bxc4 $2 {[#]} (15... dxc4 $11 16. e4 Nf6) 16. Bxh7+ $1 $18 {[%mdl 512]} Kh8 (16... Kxh7 17. Qb1+) 17. Be5 $2 (17. Bc2 $18 {Qh5+ would kill now.} Kg8 18. Rb1 (18. Qh5 Nf6 $16)) 17... Nxe5 $17 18. Qh5 {[#] White wants to mate with Bg6+.} Ng4 $1 {[%cal Rg4f6][%mdl 512] And now ...Nf6 would win.} 19. Be4+ (19. Qxg4 Kxh7) 19... Nh6 20. Bxd5 Bxd5 21. Nxd5 Bd6 22. g4 f6 23. Rfc1 Rc8 24. Rc3 Rc6 25. Rac1 Qc8 ({Black should play} 25... f5 $19 26. g5 Bxa3 $1 {[%mdl 512]}) 26. f3 (26. a4 $17) 26... Qe6 27. e4 Rfc8 28. Ne3 {d5 is the strong threat.} R6c7 {Threatens to win with ...Bf4.} 29. Nd5 {[#]} (29. R1c2 $17) 29... Rb7 $1 $19 30. R1c2 Rb3 31. a4 (31. Kg2 {was worth a try.}) 31... a5 (31... Bb8 $19 {is more deadly. Hoping for ...Rxc3.} 32. Kh1 Rxc3 33. Nxc3 Qb6) 32. Ne3 $2 {[%mdl 8192]} (32. Qg6 $17) 32... Rxc3 33. Rxc3 Bf4 34. Qxa5 Qd6 $1 {[%csl LRd4,LRh2]} 35. Qd5 Bxe3+ 36. Rxe3 Qf4 37. Rc3 Qd2 38. Qb7 Qxd4+ 39. Kg2 Qd2+ 40. Kh3 Qxc3 41. Qxc8+ Kh7 42. Kg3 Qe1+ 43. Kg2 c3 {Precision: White = 42%, Black = 73%.} 0-1

[Event "23rd European Women Club Cup 2018"]
[Site "Halkidiki"]
[Date "2018.10.13"]
[Round "2"]
[White "Tsolakidou, Stavroula"]
[Black "Mar, Karmen"]
[Result "1-0"]
[WhiteElo "2393"]
[BlackElo "2107"]
[Annotator "NA"]
[PlyCount "61"]
[EventDate "2018.10.12"]
[EventType "team-tourn"]
[EventCountry "GRE"]
[SourceTitle "playchess.com"]
[Source "ChessBase"]
[SourceQuality "1"]
[WhiteTeam "Pentole Agnelli"]
[BlackTeam "Maribor"]
[TimeControl "40/5400+30:1800+30"]

1. e4 {[%emt 0:00:00]} c5 {[%emt 0:00:00]} 2. Nf3 {[%emt 0:00:00]} d6 {[%emt 0:00:00]} 3. Bb5+ {[%emt 0:00:00]} Bd7 {[%emt 0:00:00]} 4. Bxd7+ {[%emt 0:00:07]} Qxd7 {[%emt 0:00:04]} 5. O-O {[%emt 0:00:08]} Nc6 {[%emt 0:02:15]} 6. c3 {[%emt 0:00:14]} Nf6 {[%emt 0:00:43]} 7. d4 {[%emt 0:00:29]} Nxe4 {[%emt 0:00:49]} 8. d5 {[%emt 0:00:16]} Ne5 {[%emt 0:00:12]} 9. Re1 {[%emt 0:00:17]} Nf6 {[%emt 0:00:18]} 10. Nxe5 {[%emt 0:00:17]} dxe5 {[%emt 0:00:06]} 11. c4 {[%emt 0:00:23]} e6 {[%emt 0:06:52]} 12. Nc3 {[%emt 0:02:26]} O-O-O {[%emt 0:14:31]} 13. Bg5 {[%emt 0:02:34]} h6 {[%emt 0:08:13] LiveBook: 7 Partien} 14. Bh4 {[%emt 0:00:37]} Be7 {[%emt 0:05:37]} 15. Qf3 {[%emt 0:06:23]} e4 {[%emt 0:13:50]} 16. Nxe4 {[%emt 0:19:28]} Nxe4 {[%emt 0:08:03]} 17. Bxe7 $16 {[%emt 0:02:27]} ({But not} 17. Qxe4 $6 Bxh4 18. Qxh4 exd5 $11) 17... Qxe7 {[%emt 0:01:00]} 18. Rxe4 {[%emt 0:00:34]} Rd6 {[%emt 0:07:09]} 19. Rae1 {[%emt 0:02:07]} Re8 {[%emt 0:03:04]} 20. Re5 {[%emt 0:07:13]} Ra6 {[%emt 0:07:55]} 21. a3 {[%emt 0:12:17]} Rb6 {[%emt 0:03:01]} 22. b4 {[%emt 0:10:01]} cxb4 {[%emt 0:03:11]} 23. c5 {[%emt 0:00:20]} Qxc5 {[%emt 0:07:37]} 24. dxe6 {[%emt 0:01:00]} Qf8 {[%emt 0:05:23]} 25. exf7 {[%emt 0:04:27]} Rxe5 {[%emt 0:01:28]} 26. Rxe5 {[%emt 0:00:07]} bxa3 {[%emt 0:00:45]} 27. Re8+ {[%emt 0:01:30]} Kc7 {[%emt 0:00:12]} 28. g3 {[%emt 0:05:25]} a2 {[%emt 0:01:06]} 29. Qc3+ {[%emt 0:00:33]} Rc6 {[%emt 0:00:30]} 30. Qa5+ {[%emt 0:00:24]} Kd7 {[%emt 0:00:18]} 31. Qd8# {[%emt 0:00:09]} 1-0

[Event "23rd European Women Club Cup 2018"]
[Site "Halkidiki"]
[Date "2018.10.13"]
[Round "2"]
[White "Melia, Salome"]
[Black "Nikolaki, Dimitria"]
[Result "1-0"]
[WhiteElo "2387"]
[BlackElo "1327"]
[Annotator "TA"]
[PlyCount "61"]
[EventDate "2018.10.12"]
[EventType "team-tourn"]
[EventCountry "GRE"]
[SourceTitle "playchess.com"]
[Source "ChessBase"]
[SourceQuality "1"]
[WhiteTeam "Nona"]
[BlackTeam "Thessaloniki"]

{[%evp 9,61,-10,-6,-16,15,25,27,26,37,44,59,74,165,162,167,172,165,158,254,258,314,237,358,358,354,349,358,320,355,355,372,360,361,325,508,482,553,537,620,619,720,708,713,554,904,883,788,596,860,845,965,914,2696,2606]} 1. e4 c5 2. f4 Nc6 3. Nf3 e6 4. c3 Nge7 (4... d5 5. e5 Bd7 6. Na3 Qb6 7. Nc2 d4 8. Bd3 Nge7 9. Qe2 Nd5 10. g3 Be7 11. Be4 O-O-O 12. cxd4 Nxd4 13. Nfxd4 cxd4 {½-½ (47) Glek,I (2377)-Alekseev,E (2636) Sochi 2016}) 5. Bd3 d5 6. e5 {B21: Sizilianisch (Morra-Gambit 2.d4 und 2.f4)} c4 7. Bc2 Bd7 8. O-O {Weiß hat minimalen Vorteil.} Ng6 9. d4 $146 ({Vorgänger:} 9. d3 cxd3 10. Bxd3 Bc5+ 11. Kh1 O-O 12. Ng5 f6 13. Nxh7 f5 {1-0 (38) Pluschkat,G (1970)-Vieira,T Joinville 2013}) 9... Be7 10. Ng5 Bxg5 (10... Qa5 $16) 11. fxg5 $18 Qe7 12. b3 cxb3 13. axb3 a6 (13... b5 $16 14. Be3 a5) 14. Qg4 O-O-O 15. Nd2 Rdf8 (15... h5 $142 16. gxh6 gxh6) 16. Ba3 Qd8 17. Bxf8 Rxf8 18. Kh1 Qe7 19. b4 Na7 20. Nb3 Nb5 21. Bd3 Bc6 (21... Nc7 $142 22. Nc5 Bb5 23. Bxb5 Nxb5) 22. Na5 {Weiß steht klar auf Gewinn.} Bd7 23. c4 dxc4 24. Be4 Kb8 25. Nxb7 Bc8 26. Na5 {[%cal Bb7a5,Ba5c4,Bc4b6,Bb6a4,Ba4c5][%mdl 32] [#] Sc6+ ist eine echte Drohung.} Bd7 27. Nxc4 Bc8 28. Nb6 Bb7 29. Na4 Bxe4 30. Qxe4 {[#] Droht Sc5 und aus.} Qa7 31. Nc5 {Precision: Weiß = 78%, Schwarz = 21%.} 1-0

[Event "23rd European Women Club Cup 2018"]
[Site "Halkidiki"]
[Date "2018.10.13"]
[Round "2"]
[White "Shvayger, Yuliya"]
[Black "Heinemann, Josefine"]
[Result "1-0"]
[WhiteElo "2375"]
[BlackElo "2308"]
[Annotator "TA"]
[PlyCount "161"]
[EventDate "2018.10.12"]
[EventType "team-tourn"]
[EventCountry "GRE"]
[SourceTitle "playchess.com"]
[Source "ChessBase"]
[SourceQuality "1"]
[WhiteTeam "Beer Sheva"]
[BlackTeam "Mulhouse"]

{[%evp 9,161,10,36,33,39,35,41,32,101,34,72,66,101,99,114,110,100,99,110,109,115,123,121,119,106,47,33,34,45,52,46,21,27,22,43,0,9,0,29,7,18,9,58,17,46,39,47,39,39,53,93,70,120,103,135,122,123,123,156,109,109,109,124,66,66,66,78,45,76,59,70,63,61,27,27,39,43,16,116,62,497,497,497,497,490,483,483,483,483,475,458,424,1042,2312,1990,1557,1239,966,29940,29942,29941,29943,29944,29945,29947,29946,29948,29950,29950,29951,29947,29950,29960,29959,29958,29959,29962,29962,29960,29959,29963,29967,29970,29972,29970,29969,29964,29970,29970,29971,29973,29974,29974,29973,29974,29975,29973,29976,29976,29975,29988,29989,29989,29990,29992,29993,29993,29993,29993,29990,29990,29991,29996,5026]} 1. d4 d5 2. Nf3 Nf6 3. e3 e6 4. Bd3 b6 5. O-O Ba6 (5... Bb7 6. b3 Bd6 7. c4 O-O 8. cxd5 exd5 9. Ba3 c5 10. Nc3 Nbd7 11. Rc1 Re8 12. Bf5 Bf8 13. dxc5 Nxc5 14. Bb2 g6 15. Bh3 {0-1 (55) Dominguez Perez,L (2739)-So,W (2788) Saint Louis 2017}) 6. Bxa6 {D05: Colle System with ...e6} Nxa6 7. c4 {Threatens to win with Qa4+.} Nb8 8. Nc3 {White is slightly better.} Nbd7 (8... Bd6 $14) 9. Qd3 (9. cxd5 $16 Nxd5 10. Nxd5 exd5 11. Qc2) 9... Be7 $146 ({Predecessor:} 9... c6 10. b3 Be7 11. Re1 O-O 12. Bb2 Re8 13. a3 Qc7 14. e4 dxe4 15. Nxe4 Nxe4 16. Qxe4 {½-½ (25) Jerabkova,J (1596)-Doskar,M (1661) Valasska Bystrice 2016}) 10. cxd5 exd5 11. Ne5 {aiming for Nc6.} O-O {[#]} 12. Nc6 $1 {[%cal Rc6d8]} Qe8 13. Qf5 Bd6 14. Nxd5 Nxd5 15. Qxd5 Nf6 16. Qc4 Qe4 17. f4 (17. h3 $16) 17... Nd5 $14 18. Rf3 b5 19. Qxb5 a6 20. Qb3 Nxf4 21. exf4 Qxc6 22. d5 Qd7 23. Be3 Rfe8 24. Qd3 Re7 25. Bd4 (25. b3 {keeps more tension.} Qb5 26. Rd1 Rae8 27. a4 Qb4 28. Kh1) 25... Rae8 26. Raf1 (26. Qxa6 {looks sharper.} Re4 27. Bc3 Bc5+ 28. Kh1 Bd4 29. Qd3) 26... Re4 27. Be5 $36 {[%mdl 2048] Black is under pressure.} f5 28. Qxa6 Bxe5 29. fxe5 R4xe5 30. Qc4 {Black must now prevent d6+.} Kh8 31. Qc6 Qxc6 32. dxc6 $16 {[%mdl 4096] Endgame KRR-KRR} g6 33. b4 Re4 34. Rb1 Rc4 35. b5 Kg7 36. Rf2 (36. Rb2 $16) 36... Kf6 37. Rd2 h5 38. Ra1 Ree4 39. Rb2 Red4 40. Re1 h4 41. h3 Rb4 42. Reb1 Rbc4 43. a3 Rd3 (43... Rc5 $11 {keeps the balance.}) 44. Ra2 ({Better is} 44. Ra1 $16) 44... Ra4 $2 {[%mdl 8192]} ({Black should try} 44... Rdd4 $1 $14) 45. b6 $18 cxb6 {[#]} 46. Rc2 $1 {Strongly threatening c7.} Rd8 47. c7 Rc8 48. Rxb6+ Ke7 49. Rxg6 Rxa3 50. Rc4 Ra7 (50... Rg3 $142) 51. Rxh4 Kf7 52. Rc6 Kg7 53. Rf4 Raxc7 54. Rxc7+ {White mates.} Rxc7 55. Rxf5 {KR-KR} Kg6 56. Rf3 Kg5 57. Kh2 Rc5 58. Kg3 Ra5 59. h4+ {[%cal Bh3h4,Bh4h5,Bh5h6][%mdl 32]} Kh5 60. Kh3 Rb5 61. Rc3 Rb6 62. g4+ Kh6 63. Kg3 Ra6 64. h5 Rb6 65. Kh4 Rb7 66. g5+ Kh7 67. Rc4 Ra7 68. Kg4 Rb7 69. h6 Ra7 70. Kh5 Ra5 71. Rc7+ Kg8 72. Re7 Rb5 73. Kg6 {[%cal Re7e8]} Rb6+ 74. Kf5 Rb5+ 75. Kf6 Rb6+ 76. Re6 Rb8 77. g6 {[%cal Bg5g6,Bg6f7][%mdl 32]} Kh8 78. Rd6 Re8 79. Kf7 Rf8+ 80. Ke7 Rf7+ 81. gxf7 {Precision: White = 71%, Black = 38%.} 1-0